Papá Goriot

Збережено в:
Бібліографічні деталі
Автор: Balzac, Honoré de (Автор)
Формат: Книга
Мова:Іспанська
Опубліковано: Barcelona Iberia 1964
Серія:Obras Maestras
Предмети:
Теги: Додати тег
Немає тегів, Будьте першим, хто поставить тег для цього запису!

MARC

LEADER 00000nam a2200000 a 4500
001 UCO5452
003 CL-VaPUC
008 000901e19640000SP |||||||||||||||||spa|d
082 0 4 |a 843  |b BAL  |2 21 
100 |a Balzac, Honoré de   |e author  |9 265437 
245 1 0 |a Papá Goriot 
300 |a 272 p 
942 |c BK 
945 |d 20000901 00:00:00  |a crobeson 
260 |a Barcelona  |b Iberia  |c 1964 
650 0 |a Novela francesa  |9 264985 
650 0 |a Literatura francesa  |9 266330 
583 |a last modification  |c 20000901 00:00:00  |k Rodrigo Vera 
490 0 |a Obras Maestras 
999 |c 291310  |d 291308 
952 |0 0  |1 0  |4 0  |6 843_000000000000000_BAL_1964  |7 0  |8 A  |9 341123  |a BIBART  |b BIBART  |d 2019-11-20  |i 1220489  |o 843 BAL 1964  |p 1220489  |r 2025-03-13  |w 2019-11-20  |y BK  |k ART